000 00772cam a2200265 4500
001 1966
010 _a9789725681367
021 _aPT
_b153493/00
090 _a1966
100 _a20251118d2000 m||y0pory5003 ba
101 0 _apor
102 _aPT
200 _aOs Maias
_eepisódios da vida romântica
_fEça de Queirós
_gIntrodução Esther de Lemos
205 _a11ª edição
210 9 _a[s.l]
_cUlisseia
_d2000
215 _a681, p.
_d19 cm
225 _aBiblioteca Ulisseia de autores portugueses
_v15
300 _aBMB-Registado
606 _9776
_aLiteratura Portuguesa
606 _9779
_aRomance
675 _a821.134.3-31
_vBMB
_zpor
700 _aQueirós
_bEça de
_f1845-1900
_91221
702 _92822
_aLemos
_4080
_bEsther de
801 _aPT
_bBMB
_gRPC
990 _cLIVROS